[Event "Poznan op 28th"]
[Site "Poznan"]
[Date "2021.08.22"]
[Round "9"]
[White "Wesolowski, Edgar"]
[Black "Lesien, Tymoteusz"]
[Result "1-0"]
[WhiteElo "1975"]
[BlackElo "1307"]
[PlyCount "87"]
[EventDate "2021.08.15"]
[EventType "swiss"]
[EventRounds "9"]
[EventCountry "POL"]
[SourceTitle "CBM 203 Extra"]
[Source "ChessBase"]
[SourceDate "2021.09.30"]
[SourceVersion "1"]
[SourceVersionDate "2021.09.30"]
[SourceQuality "1"]

1. c4 c5 2. Nc3 Nc6 3. Nf3 g6 4. d4 cxd4 5. Nxd4 Bg7 6. e3 Nf6 7. Be2 0-0 8. 0-0 d6 9. Qc2 Be6 10. Nxe6 fxe6 11. Rd1 Nd7 12. Rb1 Qa5 13. a3 Rf7 14. Bg4 Nf8 15. f4 Qc5 16. Qe4 Na5 17. b4 Qxc4 18. bxa5 Qxc3 19. a6 Qc6 20. Bf3 d5 21. Qb4 bxa6 22. e4 Rd8 23. Qa5 dxe4 24. Rxd8 exf3 25. Qd2 Bc3 26. Qf2 Qe4 27. Rbb8 Ba5 28. gxf3 Qc6 29. Rdc8 Bc7 30. Be3 Qd7 31. Ra8 Bxf4 32. Rxf8+ Rxf8 33. Rxf8+ Kxf8 34. Bxf4 Qd1+ 35. Kg2 Qa4 36. Bh6+ Ke8 37. Qc5 Qd7 38. Qc3 Qb7 39. Qb4 Qc7 40. Qa4+ Kf7 41. Qf4+ Qxf4 42. Bxf4 Ke8 43. Bb8 Kd7 44. Kg3 1-0

[Event "Poznan op 28th"]
[Site "Poznan"]
[Date "2021.08.19"]
[Round "6"]
[White "Nowak, Roksana"]
[Black "Lesien, Tymoteusz"]
[Result "1-0"]
[WhiteElo "1561"]
[BlackElo "1307"]
[PlyCount "41"]
[EventDate "2021.08.15"]
[EventType "swiss"]
[EventRounds "9"]
[EventCountry "POL"]
[SourceTitle "CBM 203 Extra"]
[Source "ChessBase"]
[SourceDate "2021.09.30"]
[SourceVersion "1"]
[SourceVersionDate "2021.09.30"]
[SourceQuality "1"]

1. e4 c5 2. Nf3 Nc6 3. d4 cxd4 4. Nxd4 g6 5. c4 Bg7 6. Be3 Nf6 7. Nc3 0-0 8. Be2 d6 9. Nc2 Qa5 10. 0-0 Be6 11. Na3 Rfc8 12. f3 Ne5 13. Nd5 Bxd5 14. exd5 Ned7 15. Bd4 Nh5 16. g4 Nf4 17. Bxg7 Nxe2+ 18. Qxe2 Kxg7 19. Qxe7 Qb6+ 20. Kh1 Ne5 21. b3 1-0

[Event "Poznan op 28th"]
[Site "Poznan"]
[Date "2021.08.16"]
[Round "3"]
[White "Kupsik, Joanna"]
[Black "Lesien, Tymoteusz"]
[Result "1-0"]
[WhiteElo "1736"]
[BlackElo "1307"]
[PlyCount "54"]
[EventDate "2021.08.15"]
[EventType "swiss"]
[EventRounds "9"]
[EventCountry "POL"]
[SourceTitle "CBM 203 Extra"]
[Source "ChessBase"]
[SourceDate "2021.09.30"]
[SourceVersion "1"]
[SourceVersionDate "2021.09.30"]
[SourceQuality "1"]

1. e4 c5 2. Nf3 Nc6 3. d4 cxd4 4. Nxd4 g6 5. Nc3 Bg7 6. Be3 Nf6 7. Bc4 Qa5 8. 0-0 0-0 9. Kh1 d6 10. f3 Nxd4 11. Bxd4 Bd7 12. Bb3 Rfc8 13. Re1 Bc6 14. Qd3 Qd8 15. Rad1 b5 16. Nxb5 Bxb5 17. Qxb5 a5 18. a4 Rab8 19. Qe2 Nd7 20. Bxg7 Kxg7 21. Qe3 Nc5 22. Bd5 Rb4 23. b3 e6 24. Bc4 Nxa4 25. c3 Rb7 26. Ba6 Rxc3 27. Qd4+ Kg8 1-0

[Event "EU Union-ch U14 17th"]
[Site "Mureck"]
[Date "2019.08.08"]
[Round "9"]
[White "Lesien, Tymoteusz"]
[Black "Ullrich, Karol"]
[Result "0-1"]
[WhiteElo "1169"]
[BlackElo "1306"]
[PlyCount "100"]
[EventDate "2019.07.31"]
[EventType "swiss"]
[EventRounds "9"]
[EventCountry "AUT"]
[SourceTitle "EXT 2020"]
[Source "ChessBase"]
[SourceDate "2019.10.17"]
[SourceVersion "1"]
[SourceVersionDate "2019.10.17"]
[SourceQuality "1"]

1. d4 d5 2. c4 c6 3. Nc3 Nf6 4. Nf3 e6 5. Bg5 Be7 6. e3 Nbd7 7. Bd3 0-0 8. 0-0 dxc4 9. Bxc4 b5 10. Bd3 h6 11. Bf4 a6 12. Rc1 Nd5 13. Nxd5 cxd5 14. Qc2 Nf6 15. Ne5 Bd6 16. Qc6 Rb8 17. Nxf7 Rxf7 18. Bxd6 Rb6 19. Qxc8 Rxd6 20. Qxd8+ Rxd8 21. Rc6 Ra8 22. Rxe6 Rc7 23. h3 Kf7 24. Re5 Rac8 25. Bf5 Rd8 26. Re6 g6 27. Rxa6 gxf5 28. Rb6 Ra8 29. Rxb5 Rxa2 30. b4 Rb2 31. Ra1 Rc4 32. Rb7+ Kg6 33. b5 Rcb4 34. Ra5 Rb1+ 35. Kh2 R1b2 36. Rb6 f4 37. exf4 Rxd4 38. f5+ Kxf5 39. Raa6 Ne4 40. f3 Nc5 41. Rf6+ Ke5 42. Rac6 Rdd2 43. Rg6 Rdc2 44. Rxh6 Rxg2+ 45. Kh1 Rh2+ 46. Kg1 Rhc2 47. Rh5+ Kd4 48. Rh4+ Ke3 49. Rxc5 Rxc5 50. b6 Rc1# 0-1

[Event "EU Union-ch U14 17th"]
[Site "Mureck"]
[Date "2019.07.31"]
[Round "1"]
[White "Voriskova, Anna"]
[Black "Lesien, Tymoteusz"]
[Result "1-0"]
[WhiteElo "1675"]
[BlackElo "1169"]
[PlyCount "103"]
[EventDate "2019.07.31"]
[EventType "swiss"]
[EventRounds "9"]
[EventCountry "AUT"]
[SourceTitle "EXT 2020"]
[Source "ChessBase"]
[SourceDate "2019.10.17"]
[SourceVersion "1"]
[SourceVersionDate "2019.10.17"]
[SourceQuality "1"]

1. e4 c5 2. Nf3 Nc6 3. Bb5 g6 4. Bxc6 bxc6 5. 0-0 Bg7 6. Re1 d5 7. exd5 cxd5 8. d4 cxd4 9. Nxd4 Qb6 10. Nb3 Nf6 11. Nc3 Ng4 12. Rxe7+ Kf8 13. Re2 d4 14. Ne4 Qc7 15. Ng3 h5 16. h3 h4 17. Nf1 Ba6 18. Re4 Bxf1 19. Rxg4 Bc4 20. Qf3 Re8 21. Re4 Be5 22. Bf4 Bd5 23. Rxe5 Rxe5 24. Bxe5 Qxe5 25. Qg4 f5 26. Qg5 Kf7 27. Nc5 Bxg2 28. Nd3 Qe4 29. Qxg2 Rh5 30. Re1 Qxg2+ 31. Kxg2 Rg5+ 32. Kf3 Kf6 33. Nc5 f4 34. Ne4+ Kf5 35. Nxg5 Kxg5 36. Re4 Kh5 37. Rxd4 g5 38. c4 g4+ 39. hxg4+ Kg5 40. Rd5+ Kg6 41. Kxf4 h3 42. Rd6+ Kf7 43. Kg3 Ke7 44. Rh6 a5 45. Kxh3 a4 46. Kg3 a3 47. bxa3 Kf8 48. Rh7 Ke8 49. Kf4 Kf8 50. Kf5 Ke8 51. Kf6 Kf8 52. Rh8# 1-0

[Event "Poznan op 26th"]
[Site "Poznan"]
[Date "2018.08.21"]
[Round "4"]
[White "Rozumek, Krzysztof"]
[Black "Lesien, Tymoteusz"]
[Result "1-0"]
[WhiteElo "1848"]
[BlackElo "1147"]
[PlyCount "75"]
[EventDate "2018.08.19"]
[EventType "swiss"]
[EventRounds "9"]
[EventCountry "POR"]
[SourceTitle "CBM 186 Extra"]
[Source "ChessBase"]
[SourceDate "2018.08.24"]
[SourceVersion "1"]
[SourceVersionDate "2018.08.24"]
[SourceQuality "1"]

1. Nf3 d5 2. b3 c5 3. Bb2 Nc6 4. e3 Bg4 5. Bb5 e6 6. h3 Bh5 7. g4 Bg6 8. Ne5 Qb6 9. Bxc6+ bxc6 10. c4 Ne7 11. h4 f6 12. Nxg6 Nxg6 13. Qc2 Bd6 14. f4 d4 15. Qe4 e5 16. Na3 0-0-0 17. f5 Ne7 18. 0-0-0 g6 19. Rdf1 Rdf8 20. Rf2 Rf7 21. Rhf1 Rhf8 22. Nc2 Kb8 23. Ne1 Qa6 24. Kb1 Qc8 25. Nd3 Qc7 26. Rc1 Qb6 27. Kc2 Kc7 28. Kb1 Kb8 29. Ba3 Qa6 30. Kb2 Kc7 31. exd4 cxd4 32. Bxd6+ Kxd6 33. c5+ Kd7 34. Rc4 Rb8 35. fxg6 Nxg6 36. h5 Ne7 37. Nxe5+ fxe5 38. Rxf7 1-0

[Event "POL-chT U19 Wielkopolskie"]
[Site "Poland"]
[Date "2016.02.14"]
[Round "4.10"]
[White "Lesien, Tymoteusz"]
[Black "Lepski, Maksymilian"]
[Result "0-1"]
[WhiteElo "1011"]
[BlackElo "1411"]
[PlyCount "86"]
[EventDate "2016.02.13"]
[EventType "team-tourn"]
[EventRounds "9"]
[EventCountry "POL"]
[SourceTitle "EXT 2019"]
[Source "ChessBase"]
[SourceDate "2018.10.10"]
[SourceVersion "1"]
[SourceVersionDate "2018.10.10"]
[SourceQuality "1"]

1. d4 Nf6 2. c4 g6 3. Nc3 Bg7 4. e3 0-0 5. Nf3 c5 6. Be2 cxd4 7. Nxd4 Nc6 8. Nf3 d6 9. 0-0 Qc7 10. b3 Ne4 11. Nxe4 Bxa1 12. Nd4 Bxd4 13. exd4 Qa5 14. Qd2 Qxd2 15. Bxd2 Nxd4 16. Bd3 Ne6 17. Ng5 Nxg5 18. Bxg5 f6 19. Bd2 e5 20. f4 f5 21. fxe5 dxe5 22. Re1 Rd8 23. Rxe5 Rxd3 24. Re8+ Kf7 25. Re2 Bd7 26. Kf2 Re8 27. Be1 Rxe2+ 28. Kxe2 Rd6 29. Bg3 Ra6 30. a4 Rb6 31. Bf2 Rxb3 32. Bxa7 Bxa4 33. c5 Bc6 34. Bb6 Rb2+ 35. Kd3 Rxg2 36. Ke3 g5 37. Kd4 f4 38. Kd3 f3 39. Ke3 f2 40. Ke2 Bb5+ 41. Kf3 f1Q+ 42. Ke4 Qf4+ 43. Kd5 Rd2# 0-1